000
00328nam a22001337a 4500
008
171031b xxu||||| |||| 00| 0 eng d
020
_a
9780763749330
041
_a
eng
080
_a
330.113
100
_a
58
101
_a
BUS
245
_a
NURSE PRACTITIONER'S BUSINESS PRACTICE AND LEGAL GUIDE
_c
BUPPERT, C
942
_2
udc
_c
BK
999
_c
36802
_d
36802